| 000 | 01560nam0a2200361 4500 | ||
|---|---|---|---|
| 001 | RU\NLR\bibl\1116085 | ||
| 005 | 20260405135931.0 | ||
| 010 |
_a978-5-8365-0286-7 _92000 |
||
| 021 |
_aRU _b2007-41561 _92230 |
||
| 035 | _a(NLR Aleph) 001103090 | ||
| 090 |
_a1190677 _c1190677 |
||
| 100 | _a20070808d2007 |||y0rusy50 ca | ||
| 101 | 0 |
_arus _deng |
|
| 102 | _aRU | ||
| 105 | _aa ||||||||| | ||
| 200 | 1 |
_aДетальный прогноз геологического разреза в сейсморазведке _dDetailed geological interpretation of seismic data _fД.Н. Крылов _zeng |
|
| 210 |
_aМосква _cНедра _d2007 |
||
| 215 |
_a194, [1] с., [16] л. ил., цв. ил. _cил. _d22 |
||
| 300 | _aАвт. также на англ. яз.: D.N. Krilov | ||
| 300 | _aРез. на англ. яз. | ||
| 320 | _aБиблиогр.: с. 189-195 (140 назв.) | ||
| 510 | 0 |
_6z11790 _aDetailed geological interpretation of seismic data _zeng |
|
| 606 | 1 |
_aСейсморазведка _xИнтерпретация результатов _92620769 _3RU\NLR\auth\661557329 |
|
| 686 | _aД443.417с9 | ||
| 700 | 1 |
_4070 _8rus _7ca _aКрылов _bД. Н. _cд-р техн. наук _gДмитрий Николаевич _3RU\NLR\auth\7756263 _939195 |
|
| 790 | 1 |
_4070 _8rus _7ba _aKrylov _bD. N. _cд-р техн. наук _gDmitrij Nikolaevič _3RU\NLR\auth\7756265 _939197 |
|
| 801 | 0 |
_aRU _bNLR _c20070808 _gRCR |
|
| 801 | 1 |
_aRU _bNLR _c20070808 |
|
| 830 | _aАвт. по кн. | ||
| 942 | _cBOOK | ||
| 980 | _aNB | ||